[Event "AUTO-OPEN-4308"]
[Site "http://www.queenalice.com/game.php?id=1769710"]
[Date "2021.9.12"]
[Round "1"]
[White "EcheKiel"]
[Black "kryspin43"]
[Result "0-1"]
[WhiteElo "1814"]
[BlackElo "2124"]

1. e4 c5 2. d4 cxd4 3. Nf3 Nc6 4. Nxd4 e6 5. a3 a6 6. Nc3 Qc7 7. Nxc6 bxc6 8. g3
Be7 9. Bg2 d6 10. O-O Nf6 11. Bg5 Bb7 12. Bxf6 Bxf6 13. Re1 O-O 14. e5 Bxe5 15.
Qh5 Rab8 16. Ne4 Bxb2 17. Ng5 h6 18. Ra2 Qa5 19. Rd1 Bf6 20. h4 hxg5 21. hxg5
Bxg5 22. f4 Qb6+ 23. Kh2 Be7 24. c4 g6 25. Qh6 Qb3 26. Raa1 Qxc4 27. Rac1 Qe2
28. Rh1 c5 29. Rcg1 Bf6 30. Kh3 Be4 31. Bxe4 Qxe4 32. Kg4 Qf5+ 33. Kf3 Rb3+ 0-1

[Event "AUTO-OPEN-4313"]
[Site "http://www.queenalice.com/game.php?id=1771414"]
[Date "2021.10.4"]
[Round "1"]
[White "kryspin43"]
[Black "beteljeuxe"]
[Result "0-1"]
[WhiteElo "2137"]
[BlackElo "2589"]

1. c4 e5 2. Nc3 Nf6 3. d3 Nc6 4. Nf3 d5 5. cxd5 Nxd5 6. e3 Be7 7. Be2 O-O 8. O-O
a5 9. e4 Ndb4 10. a3 Na6 11. Bd2 Be6 12. Be3 Nc5 13. Rb1 Nb3 14. Nxe5 Nxe5 15.
d4 Nc4 16. d5 Bxd5 17. Nxd5 Nxe3 18. fxe3 Nc5 19. e5 c6 20. Nf4 a4 21. Bc4 Bg5
22. Qxd8 Raxd8 23. Rbc1 Kh8 24. Bxf7 Nd3 25. Nxd3 Bxe3+ 26. Nf2 Bxc1 27. Rxc1
Rxf7 28. Ne4 Rd5 29. e6 Re7 30. Nc5 Rd2 31. Rf1 g6 32. Rf2 Rd1+ 33. Rf1 Rd5 34.
Rc1 Rd2 35. Rc4 Rxb2 36. h3 b6 37. Nxa4 Rb1+ 38. Kh2 b5 39. Rxc6 bxa4 0-1

[Event "AUTO-OPEN-4313"]
[Site "http://www.queenalice.com/game.php?id=1771415"]
[Date "2021.10.4"]
[Round "1"]
[White "beteljeuxe"]
[Black "kryspin43"]
[Result "1-0"]
[WhiteElo "2571"]
[BlackElo "2129"]

1. d4 Nf6 2. c4 g6 3. Nc3 Bg7 4. e4 d6 5. Nf3 O-O 6. Be2 c5 7. d5 e6 8. O-O exd5
9. exd5 Re8 10. Bf4 Bg4 11. h3 Bf5 12. Re1 Ne4 13. Nxe4 Bxe4 14. Bd3 Bxf3 15.
Qxf3 Be5 16. Bxe5 dxe5 17. g4 Nd7 18. Rad1 Rb8 19. b3 Qg5 20. Kh2 Kg7 21. a3
Rbd8 22. Qe3 Qf4+ 23. Kg2 Qxe3 24. Rxe3 Rf8 25. Rf3 f6 26. h4 Nb6 27. Re3 Nc8
28. Rde1 Ne7 29. f4 e4 30. Rxe4 Nxd5 31. cxd5 Rxd5 32. Re7+ Rf7 33. Rxf7+ Kxf7
34. Bc4 1-0

[Event "AUTO-OPEN-4313"]
[Site "http://www.queenalice.com/game.php?id=1771416"]
[Date "2021.10.4"]
[Round "1"]
[White "kryspin43"]
[Black "Castling"]
[Result "1-0"]
[WhiteElo "2114"]
[BlackElo "1653"]

1. Nf3 Nc6 2. c4 Nf6 3. Nc3 a6 4. g3 h6 5. Bg2 e5 6. d4 Bb4 7. Nxe5 Nxe5 8. dxe5
Ng8 9. Bd2 Qe7 10. O-O Bxc3 11. Bxc3 Qe6 12. Qd3 Ne7 13. f4 d6 14. f5 Nxf5 15.
Bd5 Qg6 16. e4 Ne7 17. Bxf7+ Qxf7 18. Rxf7 Kxf7 19. exd6 cxd6 20. Rf1+ Kg8 21.
Qxd6 Bh3 22. Qxe7 Rh7 23. Qf7+ 1-0

[Event "AUTO-OPEN-4313"]
[Site "http://www.queenalice.com/game.php?id=1771417"]
[Date "2021.10.4"]
[Round "1"]
[White "Castling"]
[Black "kryspin43"]
[Result "0-1"]
[WhiteElo "1651"]
[BlackElo "2128"]

1. e4 c5 2. Bc4 e6 3. d3 Nc6 4. Nf3 d5 5. Bb5 Qc7 6. Nc3 d4 7. Bxc6+ Qxc6 8. Ne2
Qc7 9. Bf4 Qb6 10. Qc1 Ne7 11. O-O Ng6 12. Ng5 e5 13. Bg3 Be7 14. Nf3 Bf6 15. c4
Bg4 16. h3 Bxf3 17. gxf3 O-O 18. b3 Qe6 19. Kg2 Bh4 20. Qa3 f5 21. Qxc5 Rad8 22.
Qxa7 fxe4 23. fxe4 Rf7 24. Rae1 Qf6 25. a4 Qf3+ 26. Kg1 Bxg3 27. fxg3 Qe3+ 28.
Kg2 Rdf8 29. Rxf7 Rxf7 30. Qb8+ Rf8 31. Rf1 Qxe2+ 32. Kg1 Qxf1+ 0-1

[Event "AUTO-OPEN-4313"]
[Site "http://www.queenalice.com/game.php?id=1771418"]
[Date "2021.10.4"]
[Round "1"]
[White "kryspin43"]
[Black "Shizumaru_Hisame"]
[Result "1-0"]
[WhiteElo "2128"]
[BlackElo "1857"]

1. c4 a6 2. Nc3 c6 3. Nf3 b5 4. e3 e6 5. cxb5 axb5 6. b3 b4 7. Na4 Ba6 8. Bxa6
Nxa6 9. Qc2 Ne7 10. O-O Nf5 11. Nb2 Nh4 12. Nxh4 Qxh4 13. Nd3 Bd6 14. f4 O-O-O
15. a3 Kb7 16. axb4 Nxb4 17. Nxb4 Bxb4 18. Qc4 Be7 19. Qd4 c5 20. Qe4+ d5 21.
Qa4 Ra8 22. Qd7+ Kb6 23. Rxa8 Rxa8 24. Bb2 g6 25. b4 cxb4 26. Bd4+ Bc5 27. Bxc5+
Kxc5 28. Rc1+ Kb6 29. Qc6+ Ka7 30. Ra1+ Kb8 31. Rxa8# 1-0

[Event "AUTO-OPEN-4313"]
[Site "http://www.queenalice.com/game.php?id=1771419"]
[Date "2021.10.4"]
[Round "1"]
[White "Shizumaru_Hisame"]
[Black "kryspin43"]
[Result "0-1"]
[WhiteElo "1852"]
[BlackElo "2132"]

1. e4 c5 2. f4 Nc6 3. e5 e6 4. Nf3 Nge7 5. d4 cxd4 6. Nxd4 a6 7. Be3 Ng6 8. Nxc6
bxc6 9. Bc4 Nxe5 10. Bb3 Ng6 11. Qd4 c5 12. Qd2 Be7 13. Nc3 Nh4 14. Ne4 Bb7 15.
Nd6+ Bxd6 16. O-O-O Nxg2 17. Rhg1 Nxe3 18. Qxe3 Qc7 19. Rxd6 Qxd6 20. Rxg7 Ke7
21. Qg3 Bd5 22. Qg5+ Ke8 23. Bxd5 Qxd5 24. Qg1 Rb8 25. Rg8+ Rxg8 26. Qxg8+ Ke7
27. Qxb8 Qh1+ 28. Kd2 Qxh2+ 29. Kd3 Qh3+ 30. Kc4 Qf5 31. c3 Qd5# 0-1

[Event "AUTO-INT-3621"]
[Site "http://www.queenalice.com/game.php?id=1771754"]
[Date "2021.10.9"]
[Round "2"]
[White "kryspin43"]
[Black "Zanocovsky"]
[Result "0-1"]
[WhiteElo "2011"]
[BlackElo "1379"]

1. Nf3 Nf6 2. c4 d5 3. d4 e6 4. e3 Bb4+ 5. Nc3 O-O 6. Bd3 Nc6 7. Bd2 Re8 8. a3
Be7 9. c5 a6 10. h3 b6 0-1

[Event "AUTO-ADV-4482"]
[Site "http://www.queenalice.com/game.php?id=1774716"]
[Date "2021.11.13"]
[Round "2"]
[White "yasseryack"]
[Black "kryspin43"]
[Result "1-0"]
[WhiteElo "1901"]
[BlackElo "2126"]

1. f4 Nf6 2. Nf3 g6 3. g3 Bg7 4. Bg2 d6 5. O-O Nbd7 6. c3 O-O 7. d4 Nb6 8. Na3
c6 9. Be3 Be6 10. Ng5 Bd5 11. Bf3 h6 12. Nh3 Bxf3 13. Rxf3 e5 14. dxe5 dxe5 15.
fxe5 Nfd5 16. Bd4 Qe7 17. e4 Nc7 18. Bxb6 axb6 19. Nc4 Rad8 20. Qb3 b5 21. Nd6
Bxe5 22. Nxb7 Rd2 23. Nf2 Ne6 24. Na5 Ng5 25. Rd3 Nh3+ 26. Nxh3 Rxd3 27. Nxc6
Qc5+ 28. Nf2 Rd2 29. Nd4 1-0

[Event "AUTO-ADV-4482"]
[Site "http://www.queenalice.com/game.php?id=1774717"]
[Date "2021.11.13"]
[Round "2"]
[White "kryspin43"]
[Black "yasseryack"]
[Result "0-1"]
[WhiteElo "2146"]
[BlackElo "1874"]

1. c4 c5 2. Nc3 e6 3. Nf3 Nc6 4. g3 Be7 5. Bg2 b6 6. e3 Bb7 7. e4 Bf6 8. d4 cxd4
9. Nb5 d6 10. Nbxd4 Nge7 11. Nb5 O-O 12. Nxd6 Rb8 13. O-O Ng6 14. Nxb7 Qxd1 15.
Rxd1 Rxb7 16. e5 Bxe5 17. Nxe5 Ngxe5 18. f4 Nxc4 19. Bxc6 Rc7 20. Bb5 Na5 21.
Be3 f6 22. Rac1 Re7 23. Rd7 Rxd7 24. Bxd7 Kf7 25. Rc7 f5 26. b3 Rb8 27. Rxa7 g6
28. Bc8+ Kf6 0-1

[Event "AUTO-ADV-4482"]
[Site "http://www.queenalice.com/game.php?id=1774718"]
[Date "2021.11.13"]
[Round "2"]
[White "BobFicha"]
[Black "kryspin43"]
[Result "0-1"]
[WhiteElo "1794"]
[BlackElo "2136"]

1. e4 c5 2. Nf3 e6 3. Nc3 Nc6 4. b3 Nf6 5. Bb5 Qc7 6. Bxc6 Qxc6 7. d3 d6 8. Qd2
Be7 9. Qg5 Nxe4 10. Qxg7 Bf6 11. Qh6 Bxc3+ 12. Bd2 Nxd2 13. Nxd2 Bxa1 14. O-O
Be5 15. Nf3 Rg8 16. Qxh7 Rh8 17. Qe4 Qxe4 18. dxe4 Bc3 19. Rd1 Ke7 0-1

[Event "AUTO-ADV-4482"]
[Site "http://www.queenalice.com/game.php?id=1774719"]
[Date "2021.11.13"]
[Round "2"]
[White "kryspin43"]
[Black "BobFicha"]
[Result "1-0"]
[WhiteElo "2138"]
[BlackElo "1797"]

1. Nf3 Nf6 2. c4 c5 3. Nc3 Nc6 4. g3 d6 5. Bg2 Bd7 6. e3 g6 7. O-O Bg7 8. h3 O-O
9. d4 cxd4 10. exd4 e6 11. Re1 Re8 12. Nb5 a6 13. Nxd6 Re7 14. Nxb7 Qc7 15. Nc5
e5 16. dxe5 Nxe5 17. Nxe5 Ra7 18. Ncxd7 Nxd7 19. Nc6 Rxe1+ 20. Qxe1 Ne5 21. Nxa7
Qxa7 22. Be3 Qe7 23. Qe2 Qe6 24. c5 Nc4 25. Rd1 1-0

[Event "AUTO-MASTER-3077"]
[Site "http://www.queenalice.com/game.php?id=1776370"]
[Date "2021.12.6"]
[Round "1"]
[White "Fredo"]
[Black "kryspin43"]
[Result "1-0"]
[WhiteElo "2025"]
[BlackElo "2027"]

1. e4 c5 2. Nf3 e6 3. d4 cxd4 4. Nxd4 Nc6 5. Nxc6 bxc6 6. Nc3 Qc7 7. Bd3 Nf6 8.
O-O Be7 9. Kh1 O-O 10. f4 Bb7 11. e5 Nd5 12. Qh5 g6 13. Qh6 Nxc3 14. bxc3 c5 15.
f5 exf5 16. Bf4 c4 17. Be2 Qc8 18. Rab1 Re8 19. h4 Bf8 20. Qg5 1-0

[Event "AUTO-MASTER-3077"]
[Site "http://www.queenalice.com/game.php?id=1776371"]
[Date "2021.12.6"]
[Round "1"]
[White "kryspin43"]
[Black "Fredo"]
[Result "0-1"]
[WhiteElo "2044"]
[BlackElo "2008"]

1. c4 c5 2. Nf3 g6 3. Nc3 Bg7 4. g3 Nf6 5. Bg2 O-O 6. e3 Nc6 7. a3 d6 8. O-O Be6
9. d3 a6 10. Qe2 Qc7 11. Rb1 Na5 12. b4 cxb4 13. axb4 Nc6 14. Bd2 Rfb8 15. Rfc1
Qd7 16. Ng5 Bg4 17. f3 Be6 18. d4 h6 19. Nge4 a5 0-1

[Event "AUTO-MASTER-3077"]
[Site "http://www.queenalice.com/game.php?id=1776386"]
[Date "2021.12.6"]
[Round "1"]
[White "pomar"]
[Black "kryspin43"]
[Result "0-1"]
[WhiteElo "2087"]
[BlackElo "2146"]

1. f3 d5 2. Kf2 Nf6 3. e3 e5 4. c4 c6 5. cxd5 cxd5 6. Qb3 Nc6 7. Bb5 Be7 8. Ne2
d4 9. Rd1 e4 10. Nxd4 Bd7 11. Nxc6 bxc6 12. Bc4 Rb8 13. Qc2 exf3 14. gxf3 Nd5
15. Bxd5 cxd5 16. Nc3 Bd6 17. Kg2 Qh4 18. Rh1 Bh3+ 19. Kg1 Qe1# 0-1

[Event "AUTO-MASTER-3077"]
[Site "http://www.queenalice.com/game.php?id=1776387"]
[Date "2021.12.6"]
[Round "1"]
[White "kryspin43"]
[Black "pomar"]
[Result "0-1"]
[WhiteElo "2073"]
[BlackElo "2102"]

1. Nf3 e6 2. d4 d5 3. c4 a6 4. a4 dxc4 5. e3 Bb4+ 6. Nc3 c6 7. Bxc4 Nf6 8. Bd2
O-O 9. O-O Nd5 10. a5 Nxc3 11. bxc3 Bxa5 12. e4 b5 13. Be2 Bb7 14. Qc2 Nd7 15.
e5 c5 16. Ng5 g6 17. dxc5 Nxc5 18. Be3 Na4 19. Rxa4 bxa4 20. c4 Bc6 21. Bf3 Rc8
0-1

[Event "AUTO-MASTER-3077"]
[Site "http://www.queenalice.com/game.php?id=1776398"]
[Date "2021.12.6"]
[Round "1"]
[White "kryspin43"]
[Black "chessman"]
[Result "1-0"]
[WhiteElo "2140"]
[BlackElo "1949"]

1. c4 c6 2. Nc3 d5 3. cxd5 cxd5 4. d4 Nc6 5. Nf3 Nf6 6. Bf4 e6 7. e3 Be7 8. h3
O-O 9. Bd3 a6 10. O-O Bd6 11. Bxd6 Qxd6 12. Na4 Nb4 13. Be2 Ne4 14. Nd2 b5 15.
Nxe4 dxe4 16. Nc5 f5 17. a4 Bd7 18. Qb3 Nd5 19. axb5 Bxb5 20. Bxb5 axb5 21. Qxb5
Rab8 22. Ra6 Rxb5 23. Rxd6 Rxb2 24. Nxe6 1-0

[Event "AUTO-MASTER-3077"]
[Site "http://www.queenalice.com/game.php?id=1776399"]
[Date "2021.12.6"]
[Round "1"]
[White "chessman"]
[Black "kryspin43"]
[Result "0-1"]
[WhiteElo "1897"]
[BlackElo "2156"]

1. e4 c5 2. Nf3 e6 3. c4 Nc6 4. d4 cxd4 5. Nxd4 a6 6. Be2 Qc7 7. O-O Nf6 8. Nc3
Nxd4 9. Qxd4 d6 10. Qd1 Be7 11. b3 Bd7 12. Bb2 O-O 13. Qc2 b5 14. Qd2 b4 15. Nd1
a5 16. f3 Bc6 17. Ne3 Nd7 18. Rfd1 Nc5 19. h3 a4 20. Bd4 axb3 21. Bxc5 dxc5 22.
axb3 Rxa1 23. Rxa1 Bg5 24. Qd3 Rd8 0-1

[Event "AUTO-MASTER-3078"]
[Site "http://www.queenalice.com/game.php?id=1777041"]
[Date "2021.12.12"]
[Round "1"]
[White "Rafale2000"]
[Black "kryspin43"]
[Result "1-0"]
[WhiteElo "2028"]
[BlackElo "2107"]

1. e4 c5 2. Nf3 e6 3. d4 cxd4 4. Nxd4 Nc6 5. Be3 a6 6. c4 Nf6 7. Nc3 Qc7 8. Qf3
Rb8 9. O-O-O Bb4 10. Bd3 Ne5 11. Qe2 Bxc3 12. bxc3 b5 13. cxb5 d5 14. exd5 Nxd5
15. c4 axb5 16. Bc2 Nc3 17. Qd2 Nxa2+ 18. Kb1 bxc4+ 19. Ka1 Nc3 20. Ba4+ 1-0

[Event "AUTO-MASTER-3078"]
[Site "http://www.queenalice.com/game.php?id=1777042"]
[Date "2021.12.12"]
[Round "1"]
[White "kryspin43"]
[Black "Rafale2000"]
[Result "0-1"]
[WhiteElo "2091"]
[BlackElo "2047"]

1. Nf3 Nf6 2. c4 b6 3. Nc3 Bb7 4. e3 e6 5. Be2 d5 6. cxd5 Nxd5 7. g3 Bd6 8. O-O
O-O 9. d3 Nd7 10. Bd2 Nxc3 11. bxc3 a5 12. d4 e5 13. dxe5 Nxe5 14. Nxe5 Bxe5 15.
Qc2 Qf6 16. Rad1 Rfd8 17. c4 Qh6 18. f3 Rd6 19. c5 Rc6 0-1

[Event "AUTO-MASTER-3078"]
[Site "http://www.queenalice.com/game.php?id=1777053"]
[Date "2021.12.12"]
[Round "1"]
[White "flemster"]
[Black "kryspin43"]
[Result "1-0"]
[WhiteElo "2187"]
[BlackElo "2011"]

1. d4 Nf6 2. c4 g6 3. Nc3 Bg7 4. e4 d6 5. Be2 c6 6. Bg5 O-O 7. Qd2 c5 8. d5 Nbd7
9. h4 a6 10. Nh3 Nxe4 11. Nxe4 Nf6 12. Nxf6+ exf6 13. Bf4 1-0

[Event "AUTO-MASTER-3078"]
[Site "http://www.queenalice.com/game.php?id=1777054"]
[Date "2021.12.12"]
[Round "1"]
[White "kryspin43"]
[Black "flemster"]
[Result "0-1"]
[WhiteElo "2011"]
[BlackElo "2177"]

1. c4 e6 2. Nc3 d5 3. d4 c6 4. e3 Nf6 5. Nf3 Nbd7 6. b3 Bb4 7. Bd2 Qe7 8. Be2
O-O 9. O-O dxc4 10. bxc4 e5 11. Rb1 Re8 12. dxe5 Nxe5 13. Nxe5 Qxe5 14. Rxb4 b6
15. Bf3 Bd7 16. Ne2 Rad8 0-1

[Event "AUTO-MASTER-3078"]
[Site "http://www.queenalice.com/game.php?id=1777059"]
[Date "2021.12.12"]
[Round "1"]
[White "rmvwoods"]
[Black "kryspin43"]
[Result "1-0"]
[WhiteElo "2082"]
[BlackElo "2160"]

1. d4 Nf6 2. c4 g6 3. Nc3 Bg7 4. Nf3 d6 5. g3 Bf5 6. Bg2 O-O 7. O-O Ne4 8. Nxe4
Bxe4 9. e3 c5 10. b3 Nc6 11. Bb2 d5 12. Qe2 dxc4 13. Qxc4 Rc8 14. Rfd1 cxd4 15.
Nxd4 Nxd4 16. Qf1 Bxg2 17. Qxg2 Ne2+ 18. Kf1 Bxb2 19. Rxd8 Rfxd8 20. Re1 1-0

[Event "AUTO-MASTER-3078"]
[Site "http://www.queenalice.com/game.php?id=1777060"]
[Date "2021.12.12"]
[Round "1"]
[White "kryspin43"]
[Black "rmvwoods"]
[Result "0-1"]
[WhiteElo "2058"]
[BlackElo "2101"]

1. c4 e5 2. Nc3 Nf6 3. d3 Bb4 4. Bd2 d5 5. cxd5 Bxc3 6. Bxc3 Qxd5 7. Nf3 Nbd7 8.
e4 Qe6 9. b4 O-O 10. Be2 b6 11. O-O Bb7 12. Qb3 Qe7 13. Qb2 Rfe8 14. Bd1 Qd6 15.
Bb3 Qxd3 16. Rad1 Qxe4 17. Bxf7+ Kf8 18. Rfe1 Qc6 19. Bxe8 Rxe8 20. b5 Qe6 0-1